[Event "Marmaris PHYSKOS GM 2018"]
[Site "Icmeler"]
[Date "2018.11.18"]
[Round "6.3"]
[White "Quparadze, Giga"]
[Black "Ozen, Deniz"]
[Result "1/2-1/2"]
[WhiteElo "2509"]
[BlackElo "2411"]
[Annotator "TA"]
[PlyCount "60"]
[EventDate "2018.11.16"]
[EventType "schev"]
[EventCountry "TUR"]
[SourceTitle "playchess.com"]
[Source "ChessBase"]
[SourceQuality "1"]

{[%evp 9,60,-10,-10,-12,-6,-19,-19,-13,0,-54,-23,-24,-28,-11,0,0,-12,-75,-86,-92,-86,-158,-156,-154,-168,-150,-145,-144,-125,-132,-128,-133,-122,-124,-125,-125,-125,-122,-119,-125,-124,-125,-125,-125,-116,-155,0,-118,0,-123,0,-107,0]} 1. e4 e6 2. f4 d5 3. e5 c5 4. Nf3 Nc6 5. c3 Qb6 {LiveBook: 14 Games} 6. d3 {C00: French: Unusual White 2nd moves} Bd7 7. Qe2 $146 ({Predecessor:} 7. g3 f6 8. Qe2 O-O-O 9. Bh3 Nh6 10. O-O Re8 11. Be3 Nf5 12. Bf2 h5 13. b4 d4 {1-0 (33) Karttunen,M (2457)-Ronka,E (2113) Jyvaskyla 2013}) 7... Nh6 8. g3 {The position is equal.} Be7 9. Be3 (9. Nbd2 $11) 9... Nf5 10. Bf2 h5 $36 {[%mdl 2048] Black is pushing.} 11. Bh3 g6 12. Na3 O-O-O 13. Ng5 {[#]} (13. Qd2 $11 {remains equal.}) 13... Nxe5 $1 $17 {[%mdl 512]} 14. O-O-O (14. Qxe5 f6) 14... f6 {[%cal Bf7f6,Bf6g5][%mdl 32]} 15. fxe5 (15. d4 $142) 15... fxg5 16. g4 hxg4 17. Bxg4 Kb8 18. h3 Rc8 19. Kb1 Qa5 20. c4 d4 21. Rhg1 Qc7 22. Ka1 a6 23. Nb1 Ka8 24. Nd2 Bc6 25. Rc1 Rcf8 26. Kb1 Rf7 27. Be1 Rff8 28. Bf2 Rf7 29. Be1 $1 Rff8 30. Bf2 Rf7 {Precision: White = 61%, Black = 59%.} (30... Kb8 $17 31. Bg3 Bd8) 1/2-1/2

[Event "Marmaris PHYSKOS GM 2018"]
[Site "Icmeler"]
[Date "2018.11.18"]
[Round "6.4"]
[White "Odeev, Handszar"]
[Black "Yurtseven, Melih"]
[Result "1/2-1/2"]
[WhiteElo "2406"]
[BlackElo "2397"]
[Annotator "ChessBase"]
[PlyCount "97"]
[EventDate "2018.11.16"]
[EventType "schev"]
[EventCountry "TUR"]
[SourceTitle "playchess.com"]
[Source "ChessBase"]
[SourceQuality "1"]
[TimeControl "5400+30"]

1. e4 {[%emt 0:05:30]} c5 {[%emt 0:00:30]} 2. Nf3 {[%emt 0:00:30]} d6 {[%emt 0:01:30]} 3. d4 {[%emt 0:01:30]} cxd4 {[%emt 0:00:30]} 4. Nxd4 {[%emt 0:02:30]} Nf6 {[%emt 0:01:30]} 5. Nc3 {[%emt 0:00:30]} e6 {[%emt 0:01:30]} 6. g4 {[%emt 0:02:30]} h6 {[%emt 0:01:30]} 7. h4 {[%emt 0:00:30]} Nc6 {[%emt 0:00:30]} 8. Rg1 {[%emt 0:00:30]} Nd7 {[%emt 0:10:30]} 9. g5 {[%emt 0:02:30]} hxg5 {[%emt 0:00:30]} 10. hxg5 {[%emt 0:00:30]} Nxd4 {[%emt 0:06:30]} 11. Qxd4 {[%emt 0:00:30]} Ne5 {[%emt 0:00:30]} 12. Be2 {[%emt 0:05:30]} Nc6 {[%emt 0:08:30]} 13. Qd3 {[%emt 0:06:30]} g6 {[%emt 0:05:30]} 14. Be3 {[%emt 0:10:30]} a6 {[%emt 0:00:30]} 15. O-O-O {[%emt 0:00:30]} Qa5 {[%emt 0:00:30]} 16. Rh1 {[%emt 0:31:30]} Rxh1 {[%emt 0:18:30]} 17. Rxh1 {[%emt 0:00:30]} Bd7 {[%emt 0:00:00]} 18. f4 {[%emt 0:04:30]} Nb4 {[%emt 0:07:00]} 19. Qc4 {[%emt 0:00:30]} Rc8 {[%emt 0:00:30]} 20. Qb3 {[%emt 0:00:30]} Bg7 {[%emt 0:13:45]} 21. a3 {[%emt 0:05:11]} Nxc2 {[%emt 0:06:05]} 22. Qxc2 {[%emt 0:07:56]} Bxc3 {[%emt 0:00:16]} 23. Kb1 {[%emt 0:01:28]} Bg7 {[%emt 0:00:35]} 24. Qb3 {[%emt 0:03:39]} Qa4 {[%emt 0:01:15]} 25. Qxa4 {[%emt 0:01:33]} Bxa4 {[%emt 0:00:03]} 26. Bd3 {[%emt 0:00:26]} Bc6 {[%emt 0:08:23]} 27. Bc2 {[%emt 0:04:01]} Ke7 {[%emt 0:03:53]} 28. Rh7 {[%emt 0:00:23]} Kf8 {[%emt 0:00:16]} 29. Rh2 {[%emt 0:00:11]} d5 {[%emt 0:01:42]} 30. e5 {[%emt 0:00:49]} Kg8 {[%emt 0:01:02]} 31. Bb6 {[%emt 0:01:04]} Bf8 {[%emt 0:00:42]} 32. a4 {[%emt 0:00:46]} Bb4 {[%emt 0:00:33]} 33. Rh3 {[%emt 0:00:31]} Kg7 {[%emt 0:00:13]} 34. b3 {[%emt 0:00:30]} Bd2 {[%emt 0:00:36]} 35. Be3 {[%emt 0:00:22]} Bc3 {[%emt 0:00:22]} 36. Bc5 {[%emt 0:00:20]} d4 {[%emt 0:00:30]} 37. Be7 {[%emt 0:00:05]} Rg8 {[%emt 0:00:39]} 38. Kc1 {[%emt 0:00:20]} Bg2 {[%emt 0:00:53]} 39. Rg3 {[%emt 0:00:30]} Bd5 {[%emt 0:00:31]} 40. Kd1 {[%emt 0:00:32]} a5 {[%emt 0:00:43]} 41. Ke2 {[%emt 0:00:40]} Bb4 {[%emt 0:00:27]} 42. Bf6+ {[%emt 0:00:14]} Kf8 {[%emt 0:00:04]} 43. Rh3 {[%emt 0:01:11]} Bc3 {[%emt 0:00:51]} 44. Rh2 {[%emt 0:00:40]} Ke8 {[%emt 0:00:34]} 45. Rh7 {[%emt 0:00:10]} Bb4 {[%emt 0:00:30]} 46. Kd3 {[%emt 0:00:36]} Bc3 {[%emt 0:00:18]} 47. Ke2 {[%emt 0:00:20]} Bb4 {[%emt 0:00:31]} 48. Kd3 {[%emt 0:00:02]} Bc3 {[%emt 0:00:27]} 49. Ke2 {[%emt 0:00:02]} 1/2-1/2

[Event "Marmaris PHYSKOS GM 2018"]
[Site "Icmeler"]
[Date "2018.11.18"]
[Round "6.5"]
[White "Simantsev, Mikhail"]
[Black "Ozer, Omer Faruk"]
[Result "1-0"]
[WhiteElo "2403"]
[BlackElo "2373"]
[Annotator "ChessBase"]
[PlyCount "95"]
[EventDate "2018.11.16"]
[EventType "schev"]
[EventCountry "TUR"]
[SourceTitle "playchess.com"]
[Source "ChessBase"]
[SourceQuality "1"]
[TimeControl "5400+30"]

1. d4 {[%emt 0:02:30]} Nf6 {[%emt 0:00:30]} 2. c4 {[%emt 0:02:30]} g6 {[%emt 0:01:30]} 3. f3 {[%emt 0:02:30]} Bg7 {[%emt 0:05:30]} 4. e4 {[%emt 0:00:30]} d6 {[%emt 0:00:30]} 5. Nc3 {[%emt 0:00:30]} O-O {[%emt 0:00:30]} 6. Be3 {[%emt 0:00:30]} Nc6 {[%emt 0:01:30]} 7. Qd2 {[%emt 0:13:30]} a6 {[%emt 0:08:30]} 8. Rc1 {[%emt 0:01:30]} Bd7 {[%emt 0:02:30]} 9. Nd1 {[%emt 0:09:30]} Re8 {[%emt 0:07:30]} 10. Ne2 {[%emt 0:02:30]} e6 {[%emt 0:10:30]} 11. Nf2 {[%emt 0:06:30]} Qe7 {[%emt 0:01:30]} 12. g3 {[%emt 0:16:30]} b5 {[%emt 0:12:30]} 13. Bg2 {[%emt 0:12:30]} bxc4 {[%emt 0:03:30]} 14. O-O {[%emt 0:04:30]} Red8 {[%emt 0:02:30]} 15. Rxc4 {[%emt 0:02:00]} d5 {[%emt 0:02:30]} 16. Rc5 {[%emt 0:06:15]} e5 {[%emt 0:00:30]} 17. Rfc1 {[%emt 0:05:24]} exd4 {[%emt 0:05:30]} 18. Nxd4 {[%emt 0:00:00]} Nxd4 {[%emt 0:03:30]} 19. Bxd4 {[%emt 0:02:19]} c6 {[%emt 0:00:30]} 20. exd5 {[%emt 0:02:29]} cxd5 {[%emt 0:00:30]} 21. Qc3 {[%emt 0:01:17]} Rac8 {[%emt 0:01:30]} 22. b4 {[%emt 0:00:13]} Ne8 {[%emt 0:02:30]} 23. Nd3 {[%emt 0:00:45]} Bf5 {[%emt 0:01:30]} 24. Nf4 {[%emt 0:00:28]} Rxc5 {[%emt 0:00:30]} 25. bxc5 {[%emt 0:00:15]} g5 {[%emt 0:01:30]} 26. Nh3 {[%emt 0:03:35]} Bxd4+ {[%emt 0:01:30]} 27. Qxd4 {[%emt 0:00:01]} Nc7 {[%emt 0:00:30]} 28. g4 {[%emt 0:01:11]} Bg6 {[%emt 0:00:30]} 29. f4 {[%emt 0:00:57]} Ne6 {[%emt 0:00:30]} 30. Qe5 {[%emt 0:00:21]} gxf4 {[%emt 0:00:30]} 31. Nxf4 {[%emt 0:00:05]} Qc7 {[%emt 0:00:30]} 32. Qxc7 {[%emt 0:01:04]} Nxc7 {[%emt 0:00:30]} 33. Nxd5 {[%emt 0:00:22]} Nxd5 {[%emt 0:01:30]} 34. Rd1 {[%emt 0:00:02]} Rb8 {[%emt 0:00:00]} 35. Bxd5 {[%emt 0:00:27]} Kf8 {[%emt 0:00:00]} 36. Bb3 {[%emt 0:01:14]} Rc8 {[%emt 0:00:30]} 37. Rc1 {[%emt 0:00:35]} Ke7 {[%emt 0:00:30]} 38. Kf2 {[%emt 0:00:07]} Kd7 {[%emt 0:00:00]} 39. Kf3 {[%emt 0:00:41]} h5 {[%emt 0:00:00]} 40. g5 {[%emt 0:00:33]} Kc7 {[%emt 0:00:30]} 41. Re1 {[%emt 0:00:54]} Kc6 {[%emt 0:00:30]} 42. Ba4+ {[%emt 0:00:20]} Kd5 {[%emt 0:00:30]} 43. c6 {[%emt 0:00:32]} Kc5 {[%emt 0:00:30]} 44. Rc1+ {[%emt 0:00:28]} Kb4 {[%emt 0:00:30]} 45. Bb3 {[%emt 0:00:05]} Rc7 {[%emt 0:00:30]} 46. Kf4 {[%emt 0:00:11]} Kb5 {[%emt 0:00:30]} 47. Ke5 {[%emt 0:00:20]} Rc8 {[%emt 0:00:30]} 48. c7 {[%emt 0:00:16]} 1-0

[Event "Marmaris PHYSKOS GM 2018"]
[Site "Icmeler"]
[Date "2018.11.19"]
[Round "7.1"]
[White "Annaberdiev, Meilis"]
[Black "Rasulov, Vugar"]
[Result "1-0"]
[WhiteElo "2509"]
[BlackElo "2538"]
[Annotator "TA"]
[PlyCount "133"]
[EventDate "2018.11.16"]
[EventType "schev"]
[EventCountry "TUR"]
[SourceTitle "playchess.com"]
[Source "ChessBase"]
[SourceQuality "1"]

{[%evp 21,133,17,37,-8,-19,-6,12,0,0,0,11,0,29,35,26,36,49,41,45,59,59,58,63,49,47,41,32,32,32,32,35,42,25,0,42,29,37,27,47,36,41,45,36,36,36,36,56,36,36,0,33,0,36,36,36,36,36,36,36,37,123,83,79,30,30,31,145,147,147,149,140,0,175,160,160,160,185,122,118,103,384,384,384,384,384,384,383,383,383,383,565,306,585,569,12817,29958,29952,29959,29949,29950,29964,29964,29962,29962,29943,12733,29969,5223,29976,29978,29988,29979,29979,29980]} 1. d4 Nf6 2. Nf3 c5 3. d5 e6 4. Nc3 Nxd5 5. Nxd5 exd5 6. Qxd5 Be7 7. e4 O-O 8. Bc4 d6 9. O-O Nd7 {A43: Schmid Benoni} 10. Qd3 Nb6 11. Bb3 Bg4 {LiveBook: 3 Games. The position is equal.} 12. Bf4 $146 ({Predecessor:} 12. Nd2 Be6 13. Nc4 Nxc4 14. Bxc4 Qd7 15. Bf4 Bxc4 16. Qxc4 Qe6 17. Qd3 {½-½ (53) Gurevich,D (2525)-Fedorowicz,J (2510) Lexington 1995}) 12... Bxf3 13. gxf3 ({Not} 13. Qxf3 $2 c4 $19) 13... Rc8 14. Bc4 Qd7 15. Rfd1 Qh3 16. Bg3 Rfd8 17. c3 h5 18. Qf1 $1 Qxf1+ 19. Bxf1 d5 20. a4 a5 21. Bb5 Kf8 22. Rd3 g5 {Hoping for ...h4.} 23. h3 h4 24. Bh2 dxe4 25. Rxd8+ Bxd8 26. fxe4 Bc7 27. Rd1 Ke7 28. Bxc7 Rxc7 $14 {[%mdl 4096] Endgame KRB-KRN} 29. Kg2 Nc8 30. f4 gxf4 31. Kf3 Nd6 32. Be2 f6 $1 33. Kxf4 Nf7 34. Kg4 Nd6 35. Kf4 Nf7 $1 36. Kg4 Nd6 37. Kxh4 Nxe4 38. Bg4 {Black must now prevent Re1.} Nd6 39. Re1+ Kf7 40. Kg3 c4 (40... Re7 $14 41. Rxe7+ Kxe7) 41. Re6 Nc8 42. h4 Rc5 $1 {Threatening ...f5.} 43. Re2 Nd6 (43... Nb6 $14) 44. Kf4 $16 b5 45. Rd2 $1 {[%cal Rd2d6]} Ke7 46. Re2+ (46. h5 $16 {And now h6 would win.} Nf7 47. Bf3) 46... Kf8 $2 (46... Kf7 $11) 47. Re6 $18 Ne8 48. h5 Kf7 49. axb5 ({Better is} 49. h6 $18 {Rxe8! is the strong threat.} Nc7 50. Re2) 49... Rxb5 $16 50. Ra6 {Threatens to win with Ra7+.} Rxb2 $2 {[%mdl 8192]} (50... Nc7 $16 {was necessary.} 51. Ra7 Rc5) 51. Ra7+ $1 $18 Kf8 {[#]} 52. h6 $1 Rh2 {[#]} 53. h7 $1 Nd6 54. Be6 a4 55. Rd7 Nb5 (55... a3 $142 56. Rxd6 a2) 56. Rf7+ Ke8 57. Rg7 a3 {Strongly threatening ...a2.} 58. Bxc4 Nd6 59. Bd5 Rh4+ 60. Kf3 Nb5 61. Rg8+ Kd7 62. h8=Q Rxh8 63. Rxh8 Kd6 64. c4 (64. Rc8 $142 Nc7 65. Bb3 Kd7 66. Rb8 Kc6 67. Ke4 Nb5 68. Kf5 Kc5 69. Rc8+ Kd6 70. Kxf6) 64... Nd4+ 65. Ke4 {White mates.} Nc2 66. Ra8 Kc5 67. Kd3 {Accuracy: White = 76%, Black = 49%.} 1-0

[Event "Marmaris PHYSKOS GM 2018"]
[Site "Icmeler"]
[Date "2018.11.19"]
[Round "7.4"]
[White "Yurtseven, Melih"]
[Black "Simantsev, Mikhail"]
[Result "0-1"]
[WhiteElo "2397"]
[BlackElo "2403"]
[Annotator "TA"]
[PlyCount "102"]
[EventDate "2018.11.16"]
[EventType "schev"]
[EventCountry "TUR"]
[SourceTitle "playchess.com"]
[Source "ChessBase"]
[SourceQuality "1"]

{[%evp 22,102,-71,-70,-12,-8,-13,-29,-29,-23,-14,-14,9,0,0,0,-12,-31,-24,-33,-29,-22,-23,-56,-46,-41,-21,-15,0,0,0,-19,0,0,0,0,0,0,0,0,0,0,11,0,19,-25,-24,-34,-39,-50,0,-80,-75,-108,-43,-73,0,0,9,0,8,9,111,105,100,114,106,109,83,118,122,122,101,12,12,-133,-133,-574,-574,-574,-570,-570,-563]} 1. Nf3 Nf6 2. g3 b6 3. Bg2 Bb7 4. O-O e6 5. d3 d5 6. Nbd2 Be7 7. e4 c5 8. Re1 Nc6 9. e5 Nd7 10. Nf1 Qc7 11. Bf4 h6 12. h4 {LiveBook: 20 Games. C00: French: Unusual White 2nd moves} b5 (12... O-O-O $15) 13. c3 $146 ({Predecessor:} 13. a4 bxa4 14. Rxa4 a5 15. Ne3 Nb6 16. Ra1 a4 17. h5 d4 18. Ng4 Nb4 19. Bd2 Qd7 {½-½ (49) Oparin,G (2609)-Rizouk,A (2433) Barcelona 2017}) 13... b4 14. Ne3 {The position is equal.} Nb6 15. Rc1 bxc3 16. bxc3 Rd8 17. h5 d4 18. cxd4 Nxd4 19. Nc4 Nxc4 20. Rxc4 Nxf3+ 21. Bxf3 O-O 22. Ra4 Bxf3 23. Qxf3 Rd7 24. Rb1 Rb8 25. Rxb8+ Qxb8 26. Kh2 Qb2 27. Kg2 Qb8 28. Qe4 Qd8 29. Qc6 Rc7 ({Wrong is} 29... Rxd3 $2 30. Rxa7 Qf8 31. a4 $18) 30. Qe4 Bf8 31. Be3 Qd7 32. Ra6 Qb5 33. Qc4 Qb7+ 34. Kg1 Rd7 35. Ra4 Qf3 36. Qe4 (36. Qg4 $1 $11 Qb7 37. Bxh6) 36... Qxh5 $17 37. Kg2 Qd1 (37... Qe2 $1 $17) 38. Ra5 Qe1 ({Of course not} 38... Qxd3 39. Qxd3 Rxd3 40. Rxa7 $11) (38... Qb1 $17) 39. Rb5 $11 {aiming for Rb8.} Rd8 40. Rb7 $36 {[%mdl 2048] White has the initiative.} Qd1 $1 41. Rxa7 {And now Ra8 would win.} Qxd3 (41... Rxd3 $11 {remains equal.} 42. a4 g5) 42. Qxd3 $16 Rxd3 $11 {[%mdl 4096] Endgame KRB-KRB} 43. Ra8 $1 Rd5 44. a4 $1 {[%cal Ra4a5][%mdl 1024] Threatens to win with a5. White has strong compensation.} g5 45. a5 {a6 is the strong threat.} Kg7 46. a6 {Black must now prevent a7.} Rd1 {[#]} 47. a7 ({White should play} 47. Kf3 $1 $16) 47... Ra1 48. Rc8 (48. g4 $11) 48... Rxa7 $17 49. Rxf8 $2 {[%mdl 8192]} (49. g4 $17) 49... Kxf8 $19 {Black is clearly winning.} 50. Bxc5+ {[#]} Re7 $1 51. Kh3 {[#]} (51. Bxe7+ Kxe7) 51... Ke8 $1 {Accuracy: White = 42%, Black = 51%.} 0-1

[Event "Marmaris PHYSKOS GM 2018"]
[Site "Icmeler"]
[Date "2018.11.19"]
[Round "7.5"]
[White "Ozer, Omer Faruk"]
[Black "Yilmaz, Mustafa"]
[Result "1/2-1/2"]
[WhiteElo "2373"]
[BlackElo "2637"]
[Annotator "TA"]
[PlyCount "60"]
[EventDate "2018.11.16"]
[EventType "schev"]
[EventCountry "TUR"]
[SourceTitle "playchess.com"]
[Source "ChessBase"]
[SourceQuality "1"]

{[%evp 12,60,-6,-8,-3,-5,-7,-9,0,-2,-7,-20,-14,-12,-17,-2,0,0,0,0,30,30,26,18,0,0,0,0,0,0,0,0,0,-5,17,17,17,17,22,23,29,15,22,14,29,26,39,28,35,41,72]} 1. e4 c5 2. Nc3 d6 3. Nf3 Nf6 4. e5 dxe5 5. Nxe5 a6 6. a4 Qc7 7. d4 {LiveBook: 3 Games. B50: Sicilian: 2...d6, Miscellaneous} (7. Nc4 Be6 8. Be2 Nc6 9. O-O Rd8 10. b3 Nd4 11. Ne3 g6 12. Bc4 Bg7 13. Bxe6 Nxe6 14. Bb2 O-O {½-½ (66) Shimanov,A (2626)-Xiong,J (2651) chess.com INT 2018}) 7... e6 {[#] And now ...cxd4 would win.} 8. Bf4 {aiming for Ng6.} Bd6 9. Bb5+ {The position is equal.} Nc6 10. Bxc6+ bxc6 11. O-O $146 ({Predecessor:} 11. Bg3 cxd4 12. Qxd4 c5 13. Qe3 O-O 14. Nc4 Bxg3 15. Qxg3 Qxg3 16. hxg3 {1-0 (40) Wills,M-Thapper,R ICCF corr 1978}) 11... cxd4 12. Qxd4 c5 13. Qe3 Bb7 {[#] ...Nh5 is the strong threat.} 14. Bg3 Nh5 15. Nc4 Bf4 16. Bxf4 Nxf4 17. f3 Nd5 18. Nxd5 Bxd5 19. Ne5 c4 20. b3 cxb3 21. cxb3 O-O 22. Rfc1 Qa7 23. Qxa7 Rxa7 24. b4 Rb7 25. Rab1 Rfb8 26. Nc6 Ra8 27. Na5 Rb6 28. Nc4 Rc6 29. Ne5 Rxc1+ 30. Rxc1 f6 {Accuracy: White = 87%, Black = 59%.} 1/2-1/2

[Event "Marmaris PHYSKOS GM 2018"]
[Site "Icmeler"]
[Date "2018.11.19"]
[Round "8.2"]
[White "Odeev, Handszar"]
[Black "Tutisani, Noe"]
[Result "0-1"]
[WhiteElo "2406"]
[BlackElo "2452"]
[Annotator "TA"]
[PlyCount "66"]
[EventDate "2018.11.16"]
[EventType "schev"]
[EventCountry "TUR"]
[SourceTitle "playchess.com"]
[Source "ChessBase"]
[SourceQuality "1"]

{[%evp 24,66,63,0,0,0,65,0,0,0,0,0,0,0,7,0,6,0,25,19,43,0,7,0,54,19,30,54,33,0,0,6,2,5,4,0,20,20,20,20,20,29,20,-29975,-29976]} 1. e4 c5 2. Nc3 g6 3. Nf3 Bg7 4. d4 cxd4 5. Nxd4 Nc6 6. Be3 Nf6 7. Nxc6 bxc6 8. e5 Nd5 9. Nxd5 cxd5 10. Qxd5 Rb8 11. O-O-O Qc7 {B34: Sicilian: Accelerated Dragon with 5 Nc3: sidelines} (11... Bb7 12. Qc5 O-O 13. c3 Rc8 14. Qb4 Qc7 15. f4 d6 16. exd6 exd6 17. Bd4 Bh6 18. Kb1 Rb8 19. Bxa7 {1-0 (39) Sindarov,J (2484)-Aravindh,C (2578) Manavgat 2018}) 12. f4 O-O 13. Qc5 {LiveBook: 3 Games} Qb7 {The position is equal.} 14. b3 d6 $1 {[%cal Rd6c5]} 15. exd6 (15. Qxa7 $14 Qxa7 16. Bxa7) 15... exd6 $11 16. Rxd6 $146 ({Predecessor:} 16. Qxa7 Qxa7 17. Bxa7 Ra8 18. Bd4 Bg4 19. Bxg7 Kxg7 {1-0 (49) Sladek,V (2024)-Veznik,M (1887) Trebic 2013}) 16... Bf5 17. Bd3 Rfc8 (17... Rbc8 $5 18. Qd5 $8 Qe7 $11) 18. Qd5 {Hoping for Qxb7.} Qe7 19. Bd2 Be6 20. Re1 {[%cal Re1e6]} Rb6 21. Rdxe6 $1 fxe6 22. Qa5 Rd6 $132 {[%mdl 2048] ...Rxd3 is the strong threat. Black is fighting back} 23. Bc4 {aiming for Bb4.} ({Avoid the trap} 23. Bb4 $2 {[#]} Qf6 $1 $19 {[%mdl 512]}) 23... Rdc6 (23... Qf6 $1 $11 24. c3 Qf7) 24. Re4 Kh8 25. Bc3 Rc5 26. Bxg7+ Qxg7 27. Qe1 Qa1+ 28. Kd2 Qxa2 29. Rxe6 {White threatens Re8+ and mate.} Rd8+ 30. Ke3 {Qc3+ would kill now.} Rxc4 31. bxc4 Qxc2 {( -> ...Rd3+)} 32. Kf3 Rd3+ 33. Kg4 $2 {[%mdl 8192] [#]} (33. Re3 $11) 33... Qxg2+ {[%mdl 64] Double Attack. Accuracy: White = 40%, Black = 66%.} 0-1

[Event "Marmaris PHYSKOS GM 2018"]
[Site "Icmeler"]
[Date "2018.11.19"]
[Round "8.4"]
[White "Yilmaz, Mustafa"]
[Black "Yurtseven, Melih"]
[Result "1-0"]
[WhiteElo "2637"]
[BlackElo "2397"]
[Annotator "TA"]
[PlyCount "75"]
[EventDate "2018.11.16"]
[EventType "schev"]
[EventCountry "TUR"]
[SourceTitle "playchess.com"]
[Source "ChessBase"]
[SourceQuality "1"]

{[%evp 27,75,5,29,17,44,45,95,98,83,98,105,29,87,85,104,33,9,16,75,76,102,97,94,77,166,110,114,102,117,108,102,106,112,120,126,53,162,102,161,154,303,302,277,278,346,304,435,391,487,401]} 1. d4 d5 2. c4 c6 3. Nc3 Nf6 4. e3 e6 5. Nf3 Nbd7 6. Qc2 Bd6 7. Be2 O-O 8. O-O dxc4 9. Bxc4 b5 10. Be2 Bb7 11. e4 e5 12. dxe5 {D46: Semi-Slav: 5 e3 Nbd7 6 Bd3, Black avoids the Meran} Nxe5 13. Nd4 {[%cal Bf3d4,Bd4b3,Bb3d2,Bd2c4][%mdl 32]} (13. Nh4 Bc8 14. h3 Ng6 15. Nf5 Bxf5 16. exf5 Nf4 17. Bf3 Rc8 18. Rd1 Qe7 19. Be3 Rfd8 {1-0 (56) Aronian,L (2793)-Giri,A (2771) Leuven 2017}) 13... Neg4 14. g3 g6 {LiveBook: 4 Games} 15. Nb3 {Strongly threatening h3.} a5 16. h3 Nxf2 $146 ({Predecessor:} 16... Ne5 17. f4 Nc4 18. e5 a4 19. Bxc4 bxc4 {1-0 (53) Bluebaum,M (2580)-Loiseau,Q (2419) Khanty-Mansiysk 2015}) 17. Kxf2 a4 18. Nd2 $1 b4 19. Nd1 (19. Nxa4 $16 {Black must now prevent Kg2.} Qe7 20. Kg1) 19... Qe7 (19... Nh5 $2 20. Bxh5 gxh5 21. Nc4 $18) (19... c5 $11 {remains equal.}) 20. Kg2 $1 $16 c5 {[%cal Rf6e4]} 21. Rxf6 ({White should try} 21. Nf2 $1 $16) 21... Qxf6 $14 22. Nc4 b3 (22... Rfe8 $11 23. Bf3 Be5) 23. Qd3 $16 Rad8 24. Qf3 Qd4 25. Nc3 a3 (25... Rfe8 $16 26. Be3 Qxc3 27. bxc3 Bxe4) 26. axb3 (26. Nxa3 $18 {Hoping for Nab5.} f5 27. Be3 (27. axb3 fxe4 28. Qe3 Bb8 $11)) 26... f5 27. Nb5 Qxe4 28. Qxe4 Bxe4+ 29. Kf2 axb2 30. Bxb2 Bb8 31. Nc3 (31. Ba3 $1 $16) 31... Bc6 {[#]} (31... Bd3 $14) 32. Ra6 $36 {[%mdl 2048] Keeping Black busy.} (32. Ba3 $1 $18) 32... Be8 (32... Bb7 $16 {is a better defense.} 33. Re6 Rf7) 33. Ba3 f4 {[#]} (33... Bf7 $16 34. Bxc5 Rfe8) 34. g4 $1 $18 ({Don't do} 34. Bxc5 $6 Rf5 $16) 34... f3 35. Bf1 ({Weaker is} 35. Bxc5 fxe2+ 36. Bxf8 Kxf8 $11) 35... Rf7 36. Bxc5 Rb7 (36... Rc7 $142) 37. b4 Bf7 38. Ne4 {Accuracy: White = 65%, Black = 21%.} 1-0

[Event "Marmaris PHYSKOS GM 2018"]
[Site "Icmeler"]
[Date "2018.11.19"]
[Round "8.5"]
[White "Rasulov, Vugar"]
[Black "Ozer, Omer Faruk"]
[Result "1-0"]
[WhiteElo "2538"]
[BlackElo "2373"]
[Annotator "TA"]
[PlyCount "97"]
[EventDate "2018.11.16"]
[EventType "schev"]
[EventCountry "TUR"]
[SourceTitle "playchess.com"]
[Source "ChessBase"]
[SourceQuality "1"]

{[%evp 26,97,0,-1,8,-1,-7,-12,-18,-14,-16,-20,-12,-19,-32,-33,0,0,40,-29,-25,-11,0,-10,0,0,0,-19,0,0,6,0,0,0,38,30,34,31,39,33,33,28,21,20,13,12,34,21,22,33,144,144,144,71,144,148,170,163,161,91,97,95,138,108,147,140,472,454,4986,4960,4706,4614,2160,2125]} 1. e4 c5 2. Nf3 e6 3. d4 cxd4 4. Nxd4 Nf6 5. Nc3 Nc6 6. Ndb5 {[%cal Bd4b5,Bb5a3,Ba3c4][%mdl 32]} d6 7. Bf4 e5 8. Bg5 a6 9. Na3 Be6 10. Nc4 {B33: Sicilian: Pelikan and Sveshnikov Variations} Rb8 11. Ne3 (11. Nd5 Bxd5 12. Bxf6 Qxf6 13. Qxd5 Nb4 14. Qd2 d5 15. a3 dxc4 16. axb4 Rd8 17. Qe3 Qg6 {½-½ (30) Harikrishna,P (2752)-Radjabov,T (2722) Monzon 2016}) 11... Be7 12. Bxf6 Bxf6 13. Ncd5 Bg5 14. c3 {LiveBook: 3 Games} O-O 15. g3 Ne7 16. Nxe7+ Qxe7 17. Nd5 Qd7 18. a4 $146 Qc6 19. h4 Bd8 20. Bg2 Qc4 21. Ne3 Qb3 22. Qd2 (22. Qe2 $14) 22... Bb6 $11 23. Nf5 Bc5 24. O-O g6 25. h5 {White wants to play Qh6.} f6 $1 ({Not} 25... gxf5 26. Qg5+ Kh8 27. Qf6+ Kg8 28. h6 Bxf2+ 29. Kh1 fxe4 30. Qg7#) 26. Ne3 Kg7 27. Bf3 f5 28. exf5 gxf5 29. Bd5 $1 {[%cal Rd5b3]} Bxe3 (29... Bxd5 {feels hotter.} 30. Qxd5 Qxd5 31. Nxd5 Kf7 32. Kg2 Rbc8) 30. Bxb3 Bxd2 31. Bxe6 Kf6 32. Ba2 $36 {[%mdl 2048] And now Rfd1 would win. Black is under pressure.} Bh6 33. Rad1 Rfd8 34. f4 b5 35. axb5 axb5 36. Rd5 exf4 37. Bb1 Ke6 (37... Kg7 $14) 38. Rxf5 $16 {Hoping for Re1+.} Rf8 39. Re1+ $1 Kd7 40. g4 $1 b4 41. Rxf8 Rxf8 {[#]} 42. cxb4 $18 {[%mdl 4096] Endgame KRB-KRB} (42. Bf5+ $1 $18 Kc6 43. Bxh7 (43. cxb4 Rb8 $16)) 42... Rf7 $16 43. b5 {[%cal Bb4b5,Bb5b6][%mdl 32]} Bg7 44. Be4 Bxb2 45. Kg2 Kc7 $2 {[%mdl 8192] [#]} (45... f3+ $16 {is more resistant.} 46. Bxf3 Bd4) 46. b6+ $1 $18 {[%mdl 512] White is clearly winning.} Kb8 (46... Kc8 $142 47. Bd5 f3+ 48. Kf1 Rf8) (46... Kxb6 47. Rb1) 47. Bd5 {[%cal Re1e8]} Rf8 48. Re7 Bd4 49. Ra7 {Precision: White = 66%, Black = 45%.} 1-0